[Event "Chess.com Bullet Open 1"]
[Site "chess.com INT"]
[Date "2020.12.19"]
[Round "13"]
[White "Preotu, Razvan"]
[Black "Jacobson, Brandon"]
[Result "1-0"]
[WhiteElo "2487"]
[BlackElo "2487"]
[WhiteFideId "-1"]
[WhiteFideId "-1"]
[PlyCount "61"]
[GameId "2130307590694233"]
[EventDate "2020.12.19"]
[EventType "swiss (blitz)"]
[EventRounds "21"]
[EventCountry "NET"]
[SourceTitle "The Week in Chess 1363"]
[Source "Mark Crowther"]
[SourceDate "2020.12.21"]
[SourceVersion "1"]
[SourceVersionDate "2020.12.21"]
[SourceQuality "2"]

1. e4 g6 2. Ne2 Bg7 3. d4 d6 4. Nbc3 Nf6 5. g3 O-O 6. Bg2 e5 7. O-O b6 8. dxe5 dxe5 9. Qxd8 Rxd8 10. Bg5 Be6 11. Nd5 Bxd5 12. exd5 Nbd7 13. d6 Rac8 14. Bb7 cxd6 15. Bxc8 Rxc8 16. Nc3 d5 17. Rad1 d4 18. Nb5 a6 19. Nd6 Rxc2 20. Rc1 Rc5 21. b4 Rc3 22. Bd2 Rxc1 23. Rxc1 Bf8 24. Rc8 Kg7 25. Ne8+ Nxe8 26. Rxe8 f5 27. Ra8 e4 28. Ra7 Kf6 29. Rxd7 Ke5 30. Kf1 Bd6 31. Bf4+ 1-0

[Event "Chess.com Bullet Open 1"]
[Site "chess.com INT"]
[Date "2020.12.19"]
[Round "14"]
[White "Nihal, Sarin"]
[Black "Preotu, Razvan"]
[Result "1-0"]
[WhiteElo "2620"]
[BlackElo "2487"]
[WhiteFideId "-1"]
[WhiteFideId "-1"]
[PlyCount "63"]
[GameId "2130307590694264"]
[EventDate "2020.12.19"]
[EventType "swiss (blitz)"]
[EventRounds "21"]
[EventCountry "NET"]
[SourceTitle "The Week in Chess 1363"]
[Source "Mark Crowther"]
[SourceDate "2020.12.21"]
[SourceVersion "1"]
[SourceVersionDate "2020.12.21"]
[SourceQuality "2"]

1. b3 d5 2. Bb2 Bg4 3. Nf3 Bxf3 4. exf3 e6 5. g3 Nf6 6. Bg2 g6 7. O-O Bg7 8. d3 O-O 9. Nd2 Ne8 10. Bxg7 Nxg7 11. c4 c6 12. Rc1 Nd7 13. f4 a5 14. Qe2 Nf5 15. Rfd1 Qf6 16. Nf3 Nd4 17. Qe3 Nxf3+ 18. Bxf3 a4 19. Kg2 axb3 20. axb3 Ra2 21. Rd2 Ra3 22. b4 Rfa8 23. b5 Rc3 24. Rdc2 Raa3 25. Rxc3 Rxc3 26. Rxc3 Qxc3 27. Qa7 Qxd3 28. bxc6 bxc6 29. cxd5 Qc4 30. dxc6 Nf6 31. Qb8+ Kg7 32. c7 1-0

[Event "Chess.com Bullet Open 1"]
[Site "chess.com INT"]
[Date "2020.12.19"]
[Round "17"]
[White "Preotu, Razvan"]
[Black "Martinez Alcantara, Jose Eduardo"]
[Result "0-1"]
[WhiteElo "2487"]
[BlackElo "2620"]
[WhiteFideId "-1"]
[WhiteFideId "-1"]
[PlyCount "88"]
[GameId "2130307590698430"]
[EventDate "2020.12.19"]
[EventType "swiss (blitz)"]
[EventRounds "21"]
[EventCountry "NET"]
[SourceTitle "The Week in Chess 1363"]
[Source "Mark Crowther"]
[SourceDate "2020.12.21"]
[SourceVersion "1"]
[SourceVersionDate "2020.12.21"]
[SourceQuality "2"]

1. e4 c5 2. Nf3 d6 3. Bb5+ Nd7 4. Kf1 a6 5. Be2 Ngf6 6. d3 e5 7. h3 Be7 8. g4 O-O 9. g5 Ne8 10. h4 f5 11. exf5 Rxf5 12. Nc3 Nb6 13. Ne4 d5 14. Ng3 Rf8 15. Nxe5 Bd6 16. d4 cxd4 17. Qxd4 Qc7 18. Nf3 Bc5 19. Qd3 Nd6 20. Be3 Nf5 21. Nxf5 Bxf5 22. Qb3 Be4 23. Rh3 Kh8 24. Bxc5 Qxc5 25. Qe3 Qd6 26. Nd2 Rae8 27. Nxe4 Rxe4 28. Qg3 Ref4 29. Kg1 Qc5 30. Rf1 Qxc2 31. Bd3 Qc5 32. h5 Nc4 33. h6 g6 34. Qg2 Ne5 35. Be2 Qd4 36. Re3 Re4 37. Rd1 Qb4 38. Rxd5 Rxe3 39. fxe3 Qe1+ 40. Bf1 Qxe3+ 41. Kh2 Nf3+ 42. Kh1 Qf4 43. Qh3 Qe3 44. Rd7 Qg1# 0-1

[Event "Chess.com Bullet Open 1"]
[Site "chess.com INT"]
[Date "2020.12.19"]
[Round "18"]
[White "Le Tuan Minh"]
[Black "Preotu, Razvan"]
[Result "1-0"]
[WhiteElo "2514"]
[BlackElo "2487"]
[WhiteFideId "-1"]
[WhiteFideId "-1"]
[PlyCount "63"]
[GameId "2130307590698445"]
[EventDate "2020.12.19"]
[EventType "swiss (blitz)"]
[EventRounds "21"]
[EventCountry "NET"]
[SourceTitle "The Week in Chess 1363"]
[Source "Mark Crowther"]
[SourceDate "2020.12.21"]
[SourceVersion "1"]
[SourceVersionDate "2020.12.21"]
[SourceQuality "2"]

1. d4 Nf6 2. Nf3 g6 3. Bg5 Bg7 4. Nbd2 O-O 5. c3 d6 6. e4 h6 7. Bh4 Nbd7 8. Bc4 c6 9. O-O Qb6 10. Qc2 g5 11. Bg3 Nh5 12. Rfe1 Ndf6 13. e5 dxe5 14. Bxe5 g4 15. Nh4 e6 16. Bb3 a5 17. a4 Qd8 18. Nc4 Nd7 19. Bxg7 Kxg7 20. g3 Ndf6 21. Rad1 b6 22. Ne5 Bb7 23. Qe2 Rc8 24. Nxg4 Nxg4 25. Qxg4+ Qg5 26. Qe4 Nf6 27. Qg2 Rc7 28. Nf3 Qg4 29. Ne5 Qh5 30. g4 Qg5 31. Qg3 Rfc8 32. f4 1-0

[Event "Chess.com Bullet Open 1"]
[Site "chess.com INT"]
[Date "2020.12.19"]
[Round "19"]
[White "Bogner, Sebastian"]
[Black "Preotu, Razvan"]
[Result "0-1"]
[WhiteElo "2577"]
[BlackElo "2487"]
[WhiteFideId "-1"]
[WhiteFideId "-1"]
[PlyCount "94"]
[GameId "2130307590698463"]
[EventDate "2020.12.19"]
[EventType "swiss (blitz)"]
[EventRounds "21"]
[EventCountry "NET"]
[SourceTitle "The Week in Chess 1363"]
[Source "Mark Crowther"]
[SourceDate "2020.12.21"]
[SourceVersion "1"]
[SourceVersionDate "2020.12.21"]
[SourceQuality "2"]

1. e4 c5 2. Nc3 d6 3. g3 Nf6 4. Bg2 g6 5. Nh3 Bg7 6. O-O O-O 7. d3 Nc6 8. f4 Bd7 9. f5 Rb8 10. g4 b5 11. g5 Nh5 12. Nf4 Nxf4 13. Bxf4 Ne5 14. Nd5 e6 15. f6 exd5 16. fxg7 Re8 17. exd5 Bg4 18. Qd2 b4 19. Rae1 Qa5 20. h3 Bf5 21. Bxe5 dxe5 22. c3 bxc3 23. bxc3 Qa3 24. Rf2 a5 25. Qc1 Qxc1 26. Rxc1 Bxd3 27. Re1 e4 28. Rf6 Kxg7 29. d6 Rbd8 30. Kf2 c4 31. Ke3 Re5 32. h4 h6 33. Kf4 Rb5 34. Bxe4 hxg5+ 35. hxg5 Rh8 36. Bxd3 cxd3 37. Re7 Rh4+ 38. Kg3 Rxg5+ 39. Kxh4 Kxf6 40. Re8 d2 41. d7 Rh5+ 42. Kg4 d1=Q+ 43. Kg3 Qxd7 44. Re3 Rh3+ 45. Kf2 Qd2+ 46. Re2 Qf4+ 47. Ke1 Rh1# 0-1

[Event "Chess.com Bullet Open 1"]
[Site "chess.com INT"]
[Date "2020.12.19"]
[Round "21"]
[White "Vokhidov, Shamsiddin"]
[Black "Preotu, Razvan"]
[Result "1-0"]
[WhiteElo "2529"]
[BlackElo "2487"]
[WhiteFideId "-1"]
[WhiteFideId "-1"]
[PlyCount "141"]
[GameId "2130307590702612"]
[EventDate "2020.12.19"]
[EventType "swiss (blitz)"]
[EventRounds "21"]
[EventCountry "NET"]
[SourceTitle "The Week in Chess 1363"]
[Source "Mark Crowther"]
[SourceDate "2020.12.21"]
[SourceVersion "1"]
[SourceVersionDate "2020.12.21"]
[SourceQuality "2"]

1. e4 c5 2. Nf3 d6 3. d4 cxd4 4. Nxd4 Nf6 5. Nc3 a6 6. h3 e5 7. Nde2 h5 8. Bg5 Be6 9. Bxf6 Qxf6 10. Nd5 Qd8 11. Qd3 g6 12. O-O-O Nd7 13. Kb1 Bg7 14. h4 Nc5 15. Qa3 O-O 16. f3 b5 17. Nec3 Rb8 18. b4 Na4 19. Nxa4 bxa4 20. Qxa4 a5 21. b5 Bxd5 22. Rxd5 Qb6 23. Bc4 Rfc8 24. Rhd1 Bf8 25. Qb3 Qf2 26. R5d2 Qxh4 27. Bxf7+ Kg7 28. a4 Qf6 29. Bd5 Rc5 30. g3 Qg5 31. f4 exf4 32. gxf4 Qxf4 33. Qb2+ Qe5 34. Rf1 Qxb2+ 35. Kxb2 Kh6 36. Rg2 Bg7+ 37. Kc1 Be5 38. Bf7 g5 39. Rf5 Bf4+ 40. Kb2 Rxf5 41. exf5 h4 42. f6 h3 43. Rg1 h2 44. Rh1 Rf8 45. Bd5 Rxf6 46. b6 Rf8 47. b7 Kg7 48. Kb3 Kf6 49. Kc4 Ke5 50. Bc6 Rb8 51. Kb5 d5 52. Kb6 Kd4 53. Kxa5 g4 54. Kb6 g3 55. Rd1+ Kc3 56. Bxd5 Kxc2 57. Rf1 Kd3 58. Rxf4 Ke3 59. Rf3+ Kd4 60. Rxg3 Kxd5 61. Rh3 Re8 62. Rh5+ Re5 63. Rxh2 Re6+ 64. Ka7 Re7 65. Ka8 Kc4 66. b8=Q Kc5 67. Qb7 Re6 68. Ka7 Rb6 69. Qxb6+ Kd5 70. a5 Kc4 71. Kb7 1-0

[Event "Chess.com Bullet op1"]
[Site "Chess.com INT"]
[Date "2020.12.19"]
[Round "2"]
[White "Naroditsky, Daniel"]
[Black "Preotu, Razvan"]
[Result "1-0"]
[WhiteElo "2621"]
[BlackElo "2487"]
[WhiteFideId "-1"]
[WhiteFideId "-1"]
[PlyCount "29"]
[GameId "1595861390172160"]
[EventDate "2020.12.19"]
[EventType "swiss (blitz)"]
[EventRounds "21"]
[EventCountry "USA"]
[SourceTitle "EXT 2022"]
[Source "ChessBase"]
[SourceDate "2021.10.06"]
[SourceVersion "1"]
[SourceVersionDate "2021.10.06"]
[SourceQuality "1"]

1. b3 g6 2. Bb2 Nf6 3. g3 Bg7 4. Nf3 O-O 5. Bg2 d5 6. c4 c5 7. cxd5 Nxd5 8. Bxg7 Kxg7 9. O-O Nc6 10. Qc1 b6 11. Na3 Bb7 12. Qb2+ f6 13. d4 cxd4 14. Nxd4 e5 15. Ne6+ 1-0

[Event "Chess.com Bullet op1"]
[Site "Chess.com INT"]
[Date "2020.12.19"]
[Round "7"]
[White "Preotu, Razvan"]
[Black "Tsydypov, Zhamsaran"]
[Result "0-1"]
[WhiteElo "2487"]
[BlackElo "2558"]
[WhiteFideId "-1"]
[WhiteFideId "-1"]
[PlyCount "64"]
[GameId "1595861392101376"]
[EventDate "2020.12.19"]
[EventType "swiss (blitz)"]
[EventRounds "21"]
[EventCountry "USA"]
[SourceTitle "EXT 2022"]
[Source "ChessBase"]
[SourceDate "2021.10.06"]
[SourceVersion "1"]
[SourceVersionDate "2021.10.06"]
[SourceQuality "1"]

1. e4 g6 2. d4 Bg7 3. Nc3 d6 4. Be3 Nf6 5. f3 e5 6. Nge2 exd4 7. Nxd4 O-O 8. Qd2 d5 9. e5 Ne8 10. Nb3 Bxe5 11. Nxd5 Bxb2 12. Rb1 Bg7 13. h4 c6 14. Nf4 Qe7 15. h5 Nd6 16. hxg6 hxg6 17. Kf2 Rd8 18. Rd1 Ne4+ 19. fxe4 Rxd2+ 20. Rxd2 Nd7 21. Nd3 Nf6 22. Re2 Ng4+ 23. Kg1 Nxe3 24. Rxe3 Be6 25. Ndc5 Bxb3 26. Nxb3 a5 27. a4 Qb4 28. Bd3 Re8 29. Kf2 Qxa4 30. Rb1 Qb4 31. Rf3 a4 32. c3 Qb6+ 0-1

[Event "Chess.com Bullet op1"]
[Site "Chess.com INT"]
[Date "2020.12.19"]
[Round "8"]
[White "Grochal, Joey"]
[Black "Preotu, Razvan"]
[Result "0-1"]
[WhiteElo "2335"]
[BlackElo "2487"]
[WhiteFideId "-1"]
[WhiteFideId "-1"]
[PlyCount "122"]
[GameId "1595861392601088"]
[EventDate "2020.12.19"]
[EventType "swiss (blitz)"]
[EventRounds "21"]
[EventCountry "USA"]
[SourceTitle "EXT 2022"]
[Source "ChessBase"]
[SourceDate "2021.10.06"]
[SourceVersion "1"]
[SourceVersionDate "2021.10.06"]
[SourceQuality "1"]

1. d4 e6 2. c4 Nf6 3. Nf3 c5 4. d5 exd5 5. cxd5 d6 6. Nc3 g6 7. e4 Bg7 8. h3 O-O 9. Bd3 b5 10. Bxb5 Nxe4 11. Nxe4 Qa5+ 12. Nfd2 Qxb5 13. Nxd6 Qa6 14. N2c4 Nd7 15. O-O Ne5 16. Nxc8 Raxc8 17. Nxe5 Bxe5 18. Re1 Qd6 19. Qf3 Bd4 20. Rb1 Rfd8 21. Bg5 Rd7 22. Re2 Qxd5 23. Qxd5 Rxd5 24. Bf4 Rf5 25. Bg3 c4 26. Rd1 Bf6 27. Rd7 Ra5 28. a3 a6 29. Bd6 Rb5 30. Be7 Bxb2 31. Bb4 c3 32. Ree7 c2 33. Bd2 c1=Q+ 34. Bxc1 Rxc1+ 35. Kh2 Rf5 36. g4 Rxf2+ 37. Kg3 Rcc2 38. Re8+ Kg7 39. Rdd8 Bxa3 40. g5 Rg2+ 41. Kf3 Rcf2+ 42. Ke3 Bc5+ 43. Kd3 Rxg5 44. Kc4 Rf4+ 45. Kd3 Rg3+ 46. Ke2 Rf2+ 47. Kd1 Rg1+ 48. Re1 Rxe1+ 49. Kxe1 Rf3 50. Rd5 Rxh3 51. Ke2 h5 52. Rxc5 Rg3 53. Rc6 Rg4 54. Rxa6 f5 55. Kf3 Kh6 56. Ra8 Kg5 57. Rh8 h4 58. Rg8 Rg3+ 59. Kf2 f4 60. Rxg6+ Kxg6 61. Kf1 Kg5 0-1

[Event "Chess.com Bullet op1"]
[Site "Chess.com INT"]
[Date "2020.12.19"]
[Round "11"]
[White "Djordjevic, Vuk"]
[Black "Preotu, Razvan"]
[Result "1/2-1/2"]
[WhiteElo "2350"]
[BlackElo "2487"]
[WhiteFideId "-1"]
[WhiteFideId "-1"]
[PlyCount "129"]
[GameId "1595861393633280"]
[EventDate "2020.12.19"]
[EventType "swiss (blitz)"]
[EventRounds "21"]
[EventCountry "USA"]
[SourceTitle "EXT 2022"]
[Source "ChessBase"]
[SourceDate "2021.10.06"]
[SourceVersion "1"]
[SourceVersionDate "2021.10.06"]
[SourceQuality "1"]

1. d4 Nf6 2. Bg5 d5 3. Bxf6 exf6 4. e3 c6 5. c4 dxc4 6. Bxc4 Bd6 7. Nc3 O-O 8. Nf3 Nd7 9. O-O f5 10. Qc2 g6 11. a3 Qe7 12. b4 Nf6 13. b5 Bd7 14. bxc6 bxc6 15. a4 Rac8 16. Rfd1 Bb4 17. Rab1 a5 18. Na2 Bd6 19. Nc3 Ne4 20. Nxe4 fxe4 21. Nd2 Bf5 22. Nf1 c5 23. d5 h5 24. Ng3 h4 25. Nxf5 gxf5 26. Qe2 Qe5 27. g3 hxg3 28. hxg3 Kg7 29. Kg2 Rh8 30. Rh1 Qf6 31. Qd2 Be5 32. Qxa5 f4 33. exf4 Bxf4 34. Qe1 Rce8 35. Qe2 Bg5 36. Qg4 Qg6 37. d6 e3 38. Be2 exf2 39. d7 Rd8 40. Rxh8 Rxh8 41. Rf1 Be3 42. Qxg6+ fxg6 43. Bb5 Bd4 44. Kf3 Rd8 45. Ke2 Kf6 46. Kf3 Ke7 47. Ke2 Rxd7 48. Rxf2 Bxf2 49. Bxd7 Bxg3 50. Bc6 Kd6 51. Bb5 g5 52. Kd3 Be5 53. Bc4 Bd4 54. Ke4 g4 55. Kf4 g3 56. Kxg3 Ke5 57. Kf3 Kd6 58. Ke2 Kc7 59. Kd3 Kb6 60. Kc2 Ka5 61. Kb3 Be5 62. Bd3 Bd4 63. Bc4 Be5 64. Bd3 Bd4 65. Bc4 1/2-1/2

[Event "Chess.com Bullet op1"]
[Site "Chess.com INT"]
[Date "2020.12.19"]
[Round "15"]
[White "Preotu, Razvan"]
[Black "Vaishali, Ramesh Babu"]
[Result "1-0"]
[WhiteElo "2487"]
[BlackElo "2393"]
[WhiteFideId "-1"]
[WhiteFideId "-1"]
[PlyCount "131"]
[GameId "1595861395054592"]
[EventDate "2020.12.19"]
[EventType "swiss (blitz)"]
[EventRounds "21"]
[EventCountry "USA"]
[SourceTitle "EXT 2022"]
[Source "ChessBase"]
[SourceDate "2021.10.06"]
[SourceVersion "1"]
[SourceVersionDate "2021.10.06"]
[SourceQuality "1"]

1. e4 c5 2. Nf3 Nc6 3. c3 Nf6 4. e5 Nd5 5. d4 cxd4 6. cxd4 d6 7. Bc4 Nb6 8. Bb5 dxe5 9. Nxe5 Bd7 10. Bxc6 Bxc6 11. O-O e6 12. Nc3 Be7 13. Qg4 Bf6 14. Be3 Nd5 15. Nxc6 bxc6 16. Ne4 O-O 17. Rac1 Rc8 18. Rc5 g6 19. Bh6 Bg7 20. Bxg7 Kxg7 21. Rfc1 Nf6 22. Nxf6 Qxf6 23. Qe4 Rfd8 24. R5c4 Rd5 25. g3 Rcd8 26. Rxc6 Rxd4 27. Qe1 Qf3 28. R6c3 Qd5 29. Rc5 Qf3 30. Qe5+ Kg8 31. Re1 Rd1 32. Rc1 Rxe1+ 33. Rxe1 Rd2 34. Qe3 Qxe3 35. Rxe3 Rxb2 36. Ra3 Rb7 37. Ra6 Kf8 38. Kg2 Ke7 39. h4 Kd7 40. h5 gxh5 41. Ra5 Kc7 42. Rxh5 Rb2 43. Rxh7 Rxa2 44. Rxf7+ Kd6 45. g4 Ke5 46. g5 Ra4 47. f3 Kd6 48. g6 Ra5 49. f4 Rb5 50. g7 Rb2+ 51. Kf3 Rb3+ 52. Ke4 Rb4+ 53. Ke3 Rb3+ 54. Kf2 Rb2+ 55. Kg3 Rb3+ 56. Kg4 Rb1 57. Kg5 Rg1+ 58. Kf6 Rh1 59. Rf8 Rh6+ 60. Kf7 e5 61. g8=Q Re6 62. Rd8+ Kc5 63. Kxe6 Kc4 64. Qf8 Kc3 65. Qd6 Kc2 66. Rc8+ 1-0

[Event "Chess.com Bullet op1"]
[Site "Chess.com INT"]
[Date "2020.12.19"]
[Round "16"]
[White "Ponkratov, Pavel"]
[Black "Preotu, Razvan"]
[Result "0-1"]
[WhiteElo "2623"]
[BlackElo "2487"]
[WhiteFideId "-1"]
[WhiteFideId "-1"]
[PlyCount "108"]
[GameId "1595861395292160"]
[EventDate "2020.12.19"]
[EventType "swiss (blitz)"]
[EventRounds "21"]
[EventCountry "USA"]
[SourceTitle "EXT 2022"]
[Source "ChessBase"]
[SourceDate "2021.10.06"]
[SourceVersion "1"]
[SourceVersionDate "2021.10.06"]
[SourceQuality "1"]

1. Nf3 Nf6 2. c4 g6 3. Nc3 d5 4. e4 dxe4 5. Ng5 Bg7 6. Ngxe4 Nxe4 7. Nxe4 Nc6 8. d3 Bf5 9. Ng3 Be6 10. Be2 h5 11. O-O h4 12. Ne4 h3 13. g3 Nd4 14. Ng5 Bf5 15. Ne4 b6 16. Be3 c5 17. Bg4 Bxg4 18. Qxg4 Qd7 19. Qxd7+ Kxd7 20. Bxd4 Bxd4 21. Rab1 f5 22. Ng5 Bf6 23. Nf3 g5 24. Rfe1 Kd6 25. b4 g4 26. Nd2 Bc3 27. bxc5+ bxc5 28. Red1 Rab8 29. Nb3 e5 30. Rbc1 Bb2 31. Rb1 Bd4 32. Kf1 Rb6 33. Nxd4 exd4 34. Rxb6+ axb6 35. Rb1 Kc6 36. Rb3 Ra8 37. a3 Re8 38. Rb2 Re7 39. Re2 Ra7 40. Re6+ Kd7 41. Rxb6 Rxa3 42. Ke2 Ra2+ 43. Ke1 Ra1+ 44. Ke2 Rh1 45. Rf6 Rxh2 46. Rxf5 Rh1 47. Rxc5 Ke6 48. Rh5 Kf6 49. c5 Kg6 50. Rh4 Kg5 51. c6 Rc1 52. Rh8 Rxc6 53. Rg8+ Rg6 54. Rh8 Re6+ 0-1

[Event "Chess.com Bullet op1"]
[Site "Chess.com INT"]
[Date "2020.12.19"]
[Round "20"]
[White "Preotu, Razvan"]
[Black "Oparin, Grigoriy"]
[Result "0-1"]
[WhiteElo "2487"]
[BlackElo "2652"]
[WhiteFideId "-1"]
[WhiteFideId "-1"]
[PlyCount "50"]
[GameId "1595861396283392"]
[EventDate "2020.12.19"]
[EventType "swiss (blitz)"]
[EventRounds "21"]
[EventCountry "USA"]
[SourceTitle "EXT 2022"]
[Source "ChessBase"]
[SourceDate "2021.10.06"]
[SourceVersion "1"]
[SourceVersionDate "2021.10.06"]
[SourceQuality "1"]

1. e4 c6 2. Nc3 d5 3. Nf3 dxe4 4. Nxe4 Nf6 5. Qe2 Na6 6. Nxf6+ gxf6 7. d4 Qd5 8. c4 Qh5 9. Bd2 Bg4 10. Qe3 Bxf3 11. gxf3 e6 12. c5 Nc7 13. Qb3 O-O-O 14. Be3 Nd5 15. Be2 Bh6 16. O-O-O Qh4 17. Rhf1 Rhg8 18. Rd3 Rg2 19. Qa4 Rxf2 20. Qxa7 Rxf1+ 21. Bxf1 Qe1+ 22. Kc2 Nxe3+ 23. Kb3 Qxf1 24. Qa8+ Kc7 25. Qa5+ Kd7 0-1

[Event "Texas Collegiate Finals"]
[Site "chess24.com INT"]
[Date "2020.10.17"]
[Round "1.2"]
[White "Preotu, Razvan"]
[Black "Zapata Hincapie, Jhon Alexander"]
[Result "1-0"]
[WhiteElo "2487"]
[BlackElo "2109"]
[WhiteFideId "-1"]
[WhiteFideId "-1"]
[PlyCount "65"]
[GameId "1573102914891776"]
[EventDate "2020.10.17"]
[EventType "team-tourn (rapid)"]
[EventRounds "8"]
[EventCountry "USA"]
[SourceTitle "CBM 198 Extra"]
[Source "ChessBase"]
[SourceDate "2020.11.30"]
[SourceVersion "1"]
[SourceVersionDate "2020.11.30"]
[SourceQuality "1"]
[WhiteTeam "Texas Dallas Univ"]
[BlackTeam "Texas Tech Univ II"]
[WhiteTeamCountry "USA"]
[BlackTeamCountry "USA"]

1. e4 c5 2. Nf3 d6 3. d4 cxd4 4. Nxd4 Nf6 5. Nc3 a6 6. Be2 e6 7. Be3 Qc7 8. a4 b6 9. f4 Bb7 10. Bf3 Nbd7 11. Qe2 Be7 12. g4 Nc5 13. Bf2 O-O 14. g5 Nfd7 15. O-O Rac8 16. Rfc1 e5 17. Nf5 Nb8 18. Nd5 Bxd5 19. exd5 Rfe8 20. Nxe7+ Qxe7 21. Bg3 Qd8 22. Re1 Ncd7 23. Bg4 Kf8 24. Qd3 g6 25. fxe5 Qxg5 26. Bxd7 Nxd7 27. exd6 h5 28. Qd4 Kg8 29. c4 Nc5 30. Qf4 Rxe1+ 31. Rxe1 Qxf4 32. Bxf4 Nd3 33. d7 1-0

[Event "Texas Collegiate Finals"]
[Site "chess24.com INT"]
[Date "2020.10.17"]
[Round "2.2"]
[White "Zapata Hincapie, Jhon Alexander"]
[Black "Preotu, Razvan"]
[Result "0-1"]
[WhiteElo "2109"]
[BlackElo "2487"]
[WhiteFideId "-1"]
[WhiteFideId "-1"]
[PlyCount "70"]
[GameId "1573102915055616"]
[EventDate "2020.10.17"]
[EventType "team-tourn (rapid)"]
[EventRounds "8"]
[EventCountry "USA"]
[SourceTitle "CBM 198 Extra"]
[Source "ChessBase"]
[SourceDate "2020.11.30"]
[SourceVersion "1"]
[SourceVersionDate "2020.11.30"]
[SourceQuality "1"]
[WhiteTeam "Texas Tech Univ II"]
[BlackTeam "Texas Dallas Univ"]
[WhiteTeamCountry "USA"]
[BlackTeamCountry "USA"]

1. e4 c5 2. Nf3 d6 3. d4 cxd4 4. Nxd4 Nf6 5. Nc3 a6 6. Bg5 e6 7. f4 Be7 8. Qf3 Qc7 9. O-O-O Nbd7 10. Bd3 h6 11. Bh4 g5 12. fxg5 Ne5 13. Qe2 Nfg4 14. h3 hxg5 15. Bg3 Nxd3+ 16. cxd3 Ne5 17. Kb1 b5 18. Rc1 Qd7 19. Nf3 Nxf3 20. Qxf3 Bb7 21. Rhf1 f5 22. Qe2 f4 23. Bf2 b4 24. Nd1 Rc8 25. Rxc8+ Bxc8 26. Bd4 e5 27. Bg1 g4 28. hxg4 Qxg4 29. Qc2 Bd7 30. Bb6 Rh2 31. Rf2 Rh1 32. Rd2 Bg5 33. b3 f3 34. gxf3 Qxf3 35. Re2 Qf1 0-1

[Event "Texas Collegiate Finals"]
[Site "chess24.com INT"]
[Date "2020.10.17"]
[Round "3.1"]
[White "Preotu, Razvan"]
[Black "Shtembuliak, Evgeny"]
[Result "0-1"]
[WhiteElo "2487"]
[BlackElo "2620"]
[WhiteFideId "-1"]
[WhiteFideId "-1"]
[PlyCount "70"]
[GameId "1573102915145728"]
[EventDate "2020.10.17"]
[EventType "team-tourn (rapid)"]
[EventRounds "8"]
[EventCountry "USA"]
[SourceTitle "CBM 198 Extra"]
[Source "ChessBase"]
[SourceDate "2020.11.30"]
[SourceVersion "1"]
[SourceVersionDate "2020.11.30"]
[SourceQuality "1"]
[WhiteTeam "Texas Dallas Univ"]
[BlackTeam "Texas Tech Univ"]
[WhiteTeamCountry "USA"]
[BlackTeamCountry "USA"]

1. e4 g6 2. d4 d6 3. Nc3 Bg7 4. Be3 a6 5. f4 b5 6. Nf3 Bb7 7. Bd3 Nd7 8. e5 c5 9. dxc5 dxe5 10. Be4 Bxe4 11. Nxe4 exf4 12. Bxf4 Ngf6 13. Nxf6+ Bxf6 14. Qd5 Rc8 15. c6 Nb6 16. Qxd8+ Kxd8 17. O-O-O+ Ke8 18. c7 Na8 19. Ne5 Bxe5 20. Bxe5 f6 21. Bxf6 exf6 22. Rhe1+ Kf8 23. Rd8+ Kg7 24. Re7+ Kh6 25. Red7 Re8 26. Rxc8 Rxc8 27. Rd8 Nb6 28. Rd6 Nc4 29. Rxa6 Rxc7 30. Rxf6 Re7 31. Rf1 Re2 32. Rg1 b4 33. Kb1 Kg5 34. a4 bxa3 35. b3 Ne3 0-1

[Event "Texas Collegiate Finals"]
[Site "chess24.com INT"]
[Date "2020.10.17"]
[Round "4.1"]
[White "Shtembuliak, Evgeny"]
[Black "Preotu, Razvan"]
[Result "1-0"]
[WhiteElo "2620"]
[BlackElo "2487"]
[WhiteFideId "-1"]
[WhiteFideId "-1"]
[PlyCount "177"]
[GameId "1573102915301376"]
[EventDate "2020.10.17"]
[EventType "team-tourn (rapid)"]
[EventRounds "8"]
[EventCountry "USA"]
[SourceTitle "CBM 198 Extra"]
[Source "ChessBase"]
[SourceDate "2020.11.30"]
[SourceVersion "1"]
[SourceVersionDate "2020.11.30"]
[SourceQuality "1"]
[WhiteTeam "Texas Tech Univ"]
[BlackTeam "Texas Dallas Univ"]
[WhiteTeamCountry "USA"]
[BlackTeamCountry "USA"]

1. c4 g6 2. d4 Nf6 3. Nc3 d5 4. cxd5 Nxd5 5. e4 Nxc3 6. bxc3 Bg7 7. Bb5+ c6 8. Ba4 O-O 9. Nf3 Qa5 10. O-O Bg4 11. Bd2 Bxf3 12. gxf3 Nd7 13. Bb3 Nf6 14. c4 Qh5 15. e5 Nd7 16. f4 Qh3 17. Rc1 e6 18. Rc3 Qh4 19. Rg3 Rfd8 20. Qe2 Nb6 21. Be3 Qe7 22. Rd1 Rd7 23. a4 Rad8 24. a5 Nc8 25. f5 exf5 26. f4 Qb4 27. Qa2 Bf8 28. Bd2 Qe7 29. d5 Qc5+ 30. Be3 Qb4 31. d6 Nxd6 32. exd6 Bxd6 33. Kg2 Bc5 34. Bxc5 Qxc5 35. Rxd7 Rxd7 36. Qe2 Re7 37. Qd2 h5 38. Rd3 Kh7 39. Rd8 Re3 40. Qb2 f6 41. Bd1 Qe7 42. Qd4 Kh6 43. Rd7 Qe6 44. Bf3 Ra3 45. Qd6 Ra2+ 46. Kh3 Qxd6 47. Rxd6 Rxa5 48. Rxf6 Ra3 49. Kg2 Ra2+ 50. Kg3 Rc2 51. Rf7 Rxc4 52. Rxb7 h4+ 53. Kxh4 Rxf4+ 54. Kg3 Ra4 55. Bxc6 Ra3+ 56. Kf4 Rh3 57. Rb2 Kg7 58. Ke5 Re3+ 59. Kd4 Re7 60. Ra2 Kh6 61. Kd5 Kg5 62. Kd6 Re3 63. Rxa7 Re2 64. Rh7 Kf4 65. Rh4+ Kg5 66. Rh3 Kf6 67. Bd5 g5 68. Rh8 g4 69. Kc5 Kg5 70. Kd4 Kf4 71. Bc4 Rd2+ 72. Bd3 g3 73. hxg3+ Kxg3 74. Ke3 Ra2 75. Rg8+ Kh4 76. Bxf5 Kh5 77. Be4 Kh6 78. Rg6+ Kh5 79. Rg1 Kh6 80. Kf4 Ra6 81. Rg8 Rb6 82. Bf5 Ra6 83. Ke5 Rb6 84. Rg1 Ra6 85. Rg3 Rb6 86. Be6 Rb1 87. Kf6 Rh1 88. Bf5 Kh5 89. Rg8 1-0